|
|
|
|
| LEADER |
02214nam a2200361 u 4500 |
| 001 |
10118556 |
| 003 |
upatras |
| 005 |
20220804135945.0 |
| 008 |
151216s1985 gr gre |
| 952 |
|
|
|0 0
|1 0
|4 0
|6 791_430233092000000_HIT
|7 0
|9 187158
|a THST
|b THST
|d 2016-04-24
|i 003825
|l 0
|o 791.430233092 HIT
|p 025000016448
|r 2016-04-24 00:00:00
|t 1
|w 2016-04-24
|y BK15
|
| 952 |
|
|
|0 0
|1 0
|4 0
|6 791_430233092000000_HIT
|7 0
|9 187159
|a THST
|b THST
|d 2016-04-24
|i 013996
|l 0
|o 791.430233092 HIT
|p 025000137975
|r 2016-04-24 00:00:00
|t 2
|w 2016-04-24
|y BK15
|
| 952 |
|
|
|0 0
|1 0
|4 0
|6 791_430233092000000_HIT
|7 0
|9 187160
|a THST
|b THST
|d 2016-04-24
|i 003824
|l 0
|o 791.430233092 HIT
|p 025000013170
|r 2016-04-24 00:00:00
|t 3
|w 2016-04-24
|y BK15
|
| 952 |
|
|
|0 0
|1 0
|2 ddc
|4 0
|6 791_430000000000000_233_ΑΚΤ
|7 0
|9 358495
|a PTDE
|b PTDE
|d 2022-03-30
|i 12289
|l 0
|o 791.430 233 ΑΚΤ
|p 025000212118
|r 2022-03-30 00:00:00
|t 4
|v 2022.00
|w 2022-03-30
|y BK15
|
| 999 |
|
|
|c 115431
|d 115431
|
| 040 |
|
|
|a GR-PaULI
|c GR-PaULI
|b gre
|e AACR2
|
| 041 |
0 |
|
|a gre
|
| 082 |
1 |
4 |
|a 791.430 233 092
|2 22
|
| 100 |
1 |
|
|9 147937
|a Ακτσόγλου, Μπάμπης,
|d 1954-2007
|4 συγγραφέας
|
| 245 |
1 |
0 |
|a Άλφρεντ Χίτσκοκ /
|c Μπάμπης Ακτσόγλου.
|
| 260 |
|
|
|a Αθήνα :
|b Αιγόκερως,
|c c1985.
|
| 300 |
|
|
|a 151 σ. :
|b φωτ. ;
|c 17 εκ.
|
| 490 |
0 |
|
|a Κινηματογραφικό Αρχείο
|v 18
|
| 500 |
|
|
|a Περιέχει φιλμογραφία
|
| 504 |
|
|
|a Περιέχει βιβλιογραφία.
|
| 600 |
1 |
4 |
|a Hitchcock, Alfred,
|d 1899-1980.
|9 3002
|
| 650 |
|
4 |
|a Κινηματογράφος
|x Παραγωγοί και σκηνοθέτες
|z Μεγάλη Βρετανία
|9 147959
|
| 650 |
|
4 |
|a Σκηνοθέτες ( Κινηματογράφος )
|9 25061
|
| 830 |
|
|
|9 159489
|a Κινηματογραφικό αρχείο (Αιγόκερως)
|v 18
|
| 852 |
|
|
|a GR-PaULI
|b ΠΑΤΡΑ
|b ΘΕΑΤΡΟΛΟΓΙΑ
|k ΑΣΧΕ-3
|h 791.430233092 HIT
|m 003825
|p 025000016448
|t 1
|
| 852 |
|
|
|a GR-PaULI
|b ΠΑΤΡΑ
|b ΘΕΑΤΡΟΛΟΓΙΑ
|k ΑΣΧΕ-3
|h 791.430233092 HIT
|m 013996
|p 025000137975
|t 2
|
| 852 |
|
|
|a GR-PaULI
|b ΠΑΤΡΑ
|b ΘΕΑΤΡΟΛΟΓΙΑ
|k ΑΣΧΕ-3
|h 791.430233092 HIT
|m 003824
|p 025000013170
|t 3
|
| 942 |
|
|
|2 ddc
|c BK15
|
| 998 |
|
|
|c ΜΑΝΙΑ
|d 2015-12
|